000 02780nam a22002777a 4500
003 DO-SdBJH
005 20260630221200.0
008 260630b2025 |||do||| |||| 00| 0 spa d
040 _aDO-SdBJH
_bspa
_cDO-SdBJH
041 0 _aspa
090 _aCT CM-0007
_bAMBC 2025
100 1 _aAquino Fragoso, Emmanuel
_esustentante
245 1 0 _aProyecto de desarrollo de infraestructura en la 3ra. Brigada de Infantería del Ejército de República Dominicana para albergar personal femenino :
_baño 2025 /
_cEmmanuel Aquino Fragoso, Miledy Feliz Ruiz ; asesor de contenido Wilson Brito Mejía ; asesor metodológico David Aguiar.
260 _aSanto Domingo, República Dominicana :
_bUNADE,
_c2025.
300 _axv, 83, [04] páginas :
_bgráficas, fotografías.
502 _aTesis y trabajos de grado (Licenciatura en Ciencias Militares)--Universidad Nacional para la Defensa "General Juan Pablo Duarte y Díez", Academia Militar "Batalla de las Carreras", Santo Domingo, 2025.
504 _aIncluye referencias bibliográficas y anexos.
505 _aDeterminar las necesidades especificas del personal femenino en la 3ra Brigada de Infantería, ERD, en cuanto a infraestructura y servicios -- Desafíos potenciales en el proceso de construcción y mantenimiento de la infraestructura destinada al personal femenino en la 3ra Brigada de infantería, ERD -- Construcción de infraestructuras adecuadas para albergar personal femenino en la 3ra Brigada de infantería del Ejercito de ERD.
520 _aEn el presente trabajo de investigación se propone la creación de un Proyecto de Desarrollo de Infraestructura en la 3ra Brigada de Infantería del Ejercito de la República Dominicana, cuyo objetivo principal es la educación y construcción de instalaciones destinadas a albergar personal femenino, en un esfuerzo por mejorar la infraestructura militar y garantizar condiciones adecuadas para todos los miembros de la institución. Este proyecto representa un avance significativo en la modernización de la Tercera Brigada de Infantería, ya que no solo busca optimizar la eficacia operacional, sino también promover valores fundamentales como la igualdad, la inclusión y el respeto entre todo el personal que integra el Ejercito de la República Dominicana
650 7 _2lemb
_aMujeres militares
_vTesis y disertaciones académicas
_xAlojamiento ‡x Infraestructura militar
_ySiglo XXI
_zRepública Dominicana
650 7 _2lemb
_aEjército de República Dominicana
_vTesis y disertaciones académicas
_xInstalaciones militares
_xPlanificación
_xPersonal femenino
_ySiglo XXI
_zRepública Dominicana
700 1 _aMiledy Feliz Ruiz ;
_esustentante
700 1 _aBrito Mejía, Wilson
_easesor de contenido
700 1 _aAguiar, David
_easesor metodológico
942 _2CL
_cT
999 _c8731
_d8731